|
|
|
|
| LEADER |
00000nam a22000007a 4500 |
| 005 |
20190813002918.0 |
| 007 |
cr|||| ||| |
| 008 |
190813s2018 co |||||s|||| 00||0 spa d |
| 020 |
|
|
|a 978-958-784-160-2
|
| 035 |
|
|
|a 23993
|
| 040 |
|
|
|a vLex
|
| 090 |
|
|
|c 9159
|d 9159
|
| 100 |
1 |
|
|a Camacho Ramr̕ez, Adriana
|
| 245 |
1 |
0 |
|a Acoso laboral o mobbing
|h [Recurso electrn̤ico] /
|c Adriana Camacho Ramr̕ez
|
| 256 |
|
|
|a Servicio en ln̕ea
|
| 260 |
|
|
|a Bogot:̀
|b Editorial Universidad de Rosario (Colombia),
|c 2018
|
| 300 |
|
|
|a 1 recurso electrn̤ico
|
| 500 |
|
|
|a Esta obra describe los avances y las falencias del desarrollo normativo, jurisprudencial y prc̀tico del acoso laboral, el todo acompaądo de la doctrina ms̀ ilustre que existe por el momento. La doctrina a la que nos referimos es en su gran mayora̕ proveniente de disciplinas distintas a la jurd̕ica como la psicologa̕, psiquiatra̕ y sociologa̕. La estructura de la presente investigacin̤ se encuentra dividida en cinco capt̕ulos desde nociones generales y bs̀icas hasta los problemas que se genera y propuestas de solucin̤ a los mismos. El libro est ̀dirigido a aquellos trabajadores que puedan considerarse vc̕timas y tambiň a abogados, jueces y personal de recursos humanos, entre otros.
|
| 506 |
1 |
|
|a Disponible solo en los productos indicados
|d vLex Global
|d vLex Global (Academic Edition, excluding Law Schools)
|d vLex Global (U.S. Academic Edition, Law Schools)
|d vLex Global (U.S. Academic Edition, excluding Law Schools)
|d vLex Global (Academic Edition, Law Schools)
|
| 650 |
0 |
4 |
|a Derecho Laboral y Seguridad Social
|z Colombia
|
| 740 |
0 |
|
|a vLex Libros (Servicio en ln̕ea)
|
| 856 |
4 |
0 |
|u http://vlex.com/source/acoso-laboral-o-mobbing-23993
|z Acceso restringido
|
| 942 |
|
|
|c BOOK
|
| 999 |
0 |
|
|a Labor law and social security
|